[Event "12sen.WM-H Naumburg"]
[Site "Naumburg/Saale(20.10.-03.11.)"]
[Date "2002.11.02"]
[Round "11"]
[White "Achenbach, Manfred"]
[Black "Nietsch, Horst"]
[Result "1-0"]
[WhiteElo "2040"]
[BlackElo "2085"]
[PlyCount "67"]
[EventDate "2002.11.??"]

1. e4 c6 2. d4 d5 3. Nc3 dxe4 4. Nxe4 Bf5 5. Ng3 Bg6 6. Nf3 Nd7 7. Bd3 Qc7 8.
O-O e6 9. c4 Ngf6 10. Re1 Bd6 11. d5 cxd5 12. cxd5 e5 13. Bg5 O-O 14. Bxg6 hxg6
15. Bxf6 Nxf6 16. Rc1 Qb8 17. Ng5 Rc8 18. Qa4 Rxc1 19. Rxc1 Qe8 20. Qc4 Qd7 21.
h3 Re8 22. N3e4 Nxe4 23. Nxe4 f6 24. Qb3 Re7 25. Rc3 Rf7 26. Qc4 Qe7 27. Qa4 a6
28. Rc8+ Rf8 29. Qc4 Kf7 30. Nxd6+ Qxd6 31. Rc7+ Kg8 32. Rxb7 Rd8 33. Ra7 Qxd5
34. Qc7 1-0

[Event "12sen.WM-H Naumburg"]
[Site "Naumburg/Saale(20.10.-03.11.)"]
[Date "2002.11.02"]
[Round "11"]
[White "Asmundsson, Ingvar"]
[Black "Klundt, Klaus"]
[Result "1/2-1/2"]
[WhiteElo "2358"]
[BlackElo "2385"]
[PlyCount "52"]
[EventDate "2002.11.??"]

1. e4 c5 2. Nf3 Nc6 3. Bb5 g6 4. Bxc6 dxc6 5. d3 Bg7 6. Nc3 Nf6 7. h3 O-O 8.
Be3 b6 9. Qd2 e5 10. a3 Qd6 11. Na4 c4 12. dxc4 Qe6 13. Nc3 Qxc4 14. Nxe5 Qe6
15. f4 Bb7 16. O-O-O c5 17. Qd3 Rfe8 18. Rhe1 Nxe4 19. Nxe4 Bxe4 20. Qxe4 f6
21. Rd5 fxe5 22. Bd2 Rad8 23. c4 Rxd5 24. cxd5 Qd6 25. Bc3 Rd8 26. Bxe5 Bxe5
1/2-1/2

[Event "12sen.WM-H Naumburg"]
[Site "Naumburg/Saale(20.10.-03.11.)"]
[Date "2002.11.02"]
[Round "11"]
[White "Assmann, Hans"]
[Black "Weigel, Max"]
[Result "1-0"]
[WhiteElo "1575"]
[BlackElo "1579"]
[PlyCount "72"]
[EventDate "2002.11.??"]

1. e4 d6 2. Nc3 Nf6 3. d3 g6 4. Be2 Bg7 5. Nf3 c5 6. Rb1 Nc6 7. a3 b6 8. h3 O-O
9. O-O Bb7 10. Bg5 Rc8 11. Qd2 Re8 12. Bh6 Bh8 13. Nh2 Nd4 14. Bg4 Nxg4 15.
hxg4 e6 16. f4 f6 17. Ne2 Nc6 18. c3 Rc7 19. Nf3 Ree7 20. Ng3 Rf7 21. Rbd1 Rcd7
22. Qc2 Qc7 23. Qb3 Rde7 24. d4 Ba6 25. Rfe1 c4 26. Qc2 Nd8 27. e5 d5 28. f5
Re8 29. fxg6 hxg6 30. Qxg6+ Bg7 31. Nh5 Kh8 32. Bxg7+ Rxg7 33. Qxe8+ Rg8 34.
Qa4 Rxg4 35. Nxf6 b5 36. Qc2 Rg7 1-0

[Event "12sen.WM-H Naumburg"]
[Site "Naumburg/Saale(20.10.-03.11.)"]
[Date "2002.11.02"]
[Round "11"]
[White "Axnich, Hellmuth"]
[Black "Smits, Oswald"]
[Result "0-1"]
[WhiteElo "1364"]
[BlackElo "1619"]
[PlyCount "52"]
[EventDate "2002.11.??"]

1. d4 e6 2. c4 c5 3. e3 Nf6 4. Be2 Nc6 5. Nf3 d5 6. O-O dxc4 7. Bxc4 cxd4 8.
exd4 Bd6 9. Bg5 h6 10. Bh4 O-O 11. Nc3 Be7 12. Bxf6 Bxf6 13. Ne2 Na5 14. Bd3
Qb6 15. b3 Rd8 16. Rc1 Nc6 17. Rc4 Na5 18. Rc3 Qd6 19. Bb1 b6 20. Qc2 Bb7 21.
Rc7 g6 22. Rxf7 Kxf7 23. Qxg6+ Ke7 24. Qh7+ Kf8 25. Qxh6+ Bg7 26. Ng5 Bxh6 0-1

[Event "12sen.WM-H Naumburg"]
[Site "Naumburg/Saale(20.10.-03.11.)"]
[Date "2002.11.02"]
[Round "11"]
[White "Bakalarczyk, Wlodimierz"]
[Black "Wunderer, Eckart"]
[Result "1/2-1/2"]
[WhiteElo "2003"]
[BlackElo "2206"]
[PlyCount "40"]
[EventDate "2002.11.??"]

1. d4 Nf6 2. c4 d6 3. Nf3 g6 4. Nc3 Bg7 5. e4 O-O 6. Be2 Nbd7 7. O-O e5 8. d5
Nc5 9. Qc2 a5 10. Be3 b6 11. a3 Ng4 12. Bxc5 bxc5 13. Rfb1 f5 14. Nd2 fxe4 15.
Bxg4 Bxg4 16. Ndxe4 Bf5 17. Re1 Bh6 18. Qe2 Qh4 19. g3 Qh3 20. f3 a4 1/2-1/2

[Event "12sen.WM-H Naumburg"]
[Site "Naumburg/Saale(20.10.-03.11.)"]
[Date "2002.11.02"]
[Round "11"]
[White "Baumgartner, Heinz"]
[Black "Viner, Phillip"]
[Result "1/2-1/2"]
[WhiteElo "2340"]
[BlackElo "2175"]
[PlyCount "150"]
[EventDate "2002.11.??"]

1. Nf3 Nf6 2. g3 d5 3. Bg2 g6 4. O-O Bg7 5. d4 O-O 6. c4 c6 7. cxd5 cxd5 8. Nc3
Nc6 9. Ne5 e6 10. Bg5 h6 11. Bf4 Bd7 12. Qd2 Kh7 13. Rfd1 Qe7 14. e4 dxe4 15.
Nxe4 Nxe4 16. Bxe4 Rfd8 17. Qe2 Rac8 18. Nxc6 Bxc6 19. d5 Ba4 20. Rd2 e5 21.
Bg2 Qb4 22. Be3 Bb5 23. Qd1 b6 24. Rc1 Qd6 25. Rdc2 Bd7 26. Rxc8 Rxc8 27. Rxc8
Bxc8 28. Qa4 Qd7 29. Qc6 Bf8 30. h4 Bd6 31. Qc1 Bf8 32. f4 Bb7 33. Qd2 exf4 34.
Bxf4 h5 35. Kh2 Bd6 36. Bxd6 Qxd6 37. Qf4 Qxf4 38. gxf4 Bc8 39. Kg3 Kg7 40. Kf3
Kf6 41. Ke4 Bf5+ 42. Kd4 Ke7 43. Ke5 f6+ 44. Kd4 Bd7 45. Be4 Be8 46. f5 gxf5
47. Bxf5 Bf7 48. Be4 Kd6 49. Bf3 Bg6 50. a3 Bf7 51. b4 Bg6 52. Kc4 Be8 53. Kd4
Bg6 54. Bd1 Bf7 55. Ke4 Bg6+ 56. Kd4 Bf7 57. Bb3 Bg6 58. Bc4 Bh7 59. Ke3 Ke5
60. d6 Kxd6 61. Bf7 Ke5 62. Bxh5 f5 63. Be8 f4+ 64. Kf3 Be4+ 65. Kg4 Bf5+ 66.
Kg5 f3 67. Bb5 a5 68. bxa5 bxa5 69. h5 f2 70. Bf1 a4 71. Be2 Bh7 72. Kg4 Ke4
73. Kg3 Ke3 74. Bb5 Be4 75. h6 Bc2 1/2-1/2

[Event "12sen.WM-H Naumburg"]
[Site "Naumburg/Saale(20.10.-03.11.)"]
[Date "2002.11.02"]
[Round "11"]
[White "Beckel, Friedrich"]
[Black "Schulz, Wolfgang[32Hamb]"]
[Result "1-0"]
[WhiteElo "2039"]
[BlackElo "2117"]
[PlyCount "125"]
[EventDate "2002.11.??"]

1. e4 d6 2. d4 g6 3. Nc3 Bg7 4. f4 a6 5. Nf3 Nd7 6. Bc4 e6 7. a4 b6 8. O-O Ne7
9. Ng5 Nf6 10. e5 Nfd5 11. Qf3 O-O 12. Nxd5 exd5 13. Bxd5 Rb8 14. c4 c6 15. Be4
dxe5 16. dxe5 Qd4+ 17. Qe3 Qxc4 18. b3 Qc5 19. Qxc5 bxc5 20. Ba3 Re8 21. Bxc5
f6 22. exf6 Bxf6 23. Rae1 Bd7 24. Bd3 Nd5 25. Rxe8+ Rxe8 26. Bxa6 h6 27. Nf3
Nxf4 28. Bc4+ Be6 29. Re1 Kf7 30. Bd6 Nd5 31. Ne5+ Bxe5 32. Rxe5 Rd8 33. Bc5
Nf4 34. Bxe6+ Nxe6 35. Bb6 Rd1+ 36. Kf2 Kf6 37. Re3 Rd2+ 38. Re2 Rd3 39. b4 Rb3
40. Re4 Kf5 41. Rc4 Rb2+ 42. Ke3 Ke5 43. Rxc6 Rxb4 44. a5 Rb3+ 45. Kd2 Kd5 46.
Kc2 Ra3 47. Kb2 Rd3 48. Rc2 Nd4 49. Bxd4 Rxd4 50. Kb3 Rd1 51. a6 Ra1 52. Ra2
Rb1+ 53. Kc2 Rb8 54. a7 Ra8 55. Kd3 Ke5 56. Ke3 h5 57. Ra5+ Kf6 58. h4 Kg7 59.
Ra6 Kh7 60. Kd4 Kg7 61. Ke5 Kf7 62. Kd6 g5 63. Kc7 1-0

[Event "12sen.WM-H Naumburg"]
[Site "Naumburg/Saale(20.10.-03.11.)"]
[Date "2002.11.02"]
[Round "11"]
[White "Bierbach, Utz_Friedrich"]
[Black "Malin, Klaus"]
[Result "1/2-1/2"]
[WhiteElo "2043"]
[BlackElo "1612"]
[PlyCount "56"]
[EventDate "2002.11.??"]

1. d4 d5 2. c4 e6 3. g3 Nf6 4. Bg2 c6 5. Qc2 Be7 6. Nd2 Nbd7 7. Ngf3 h6 8. O-O
O-O 9. b3 Re8 10. Bb2 Nf8 11. Ne5 c5 12. dxc5 Bxc5 13. cxd5 Bb6 14. d6 Qxd6 15.
Ndc4 Qc7 16. a4 Bc5 17. Rac1 Qe7 18. Nd3 N6d7 19. b4 Bd6 20. Nxd6 Qxd6 21. Rfd1
Rb8 22. Qc3 f6 23. Nc5 Qe7 24. Ne4 Rd8 25. Qc7 e5 26. Nc5 b6 27. Nxd7 Bxd7 28.
b5 Qb4 1/2-1/2

[Event "12sen.WM-H Naumburg"]
[Site "Naumburg/Saale(20.10.-03.11.)"]
[Date "2002.11.02"]
[Round "11"]
[White "Blaushtein, Boris"]
[Black "Fiedler, Eduard"]
[Result "1-0"]
[WhiteElo "2157"]
[BlackElo "1597"]
[PlyCount "65"]
[EventDate "2002.11.??"]

1. c4 Nf6 2. d4 d5 3. cxd5 Qxd5 4. Nc3 Qd8 5. e4 e5 6. d5 Bd6 7. Bd3 O-O 8.
Nge2 Bg4 9. h3 Bh5 10. a3 c6 11. Bg5 h6 12. Be3 b6 13. O-O Bc5 14. Bxc5 bxc5
15. Rc1 cxd5 16. Nxd5 Nc6 17. Rxc5 Nd4 18. f3 Nd7 19. Rc4 Nb6 20. Nxb6 Qxb6 21.
Nxd4 exd4 22. Rb4 Qd6 23. Bb1 Rfd8 24. Qd3 Rd7 25. e5 Qxe5 26. Qh7+ Kf8 27.
Qh8+ Ke7 28. Qxa8 Qe3+ 29. Kh1 Bg6 30. Bxg6 fxg6 31. Qe4+ Kf6 32. Qxe3 dxe3 33.
Re1 1-0

[Event "12sen.WM-H Naumburg"]
[Site "Naumburg/Saale(20.10.-03.11.)"]
[Date "2002.11.02"]
[Round "11"]
[White "Bleher, Walter"]
[Black "Stock, Hugo"]
[Result "1-0"]
[WhiteElo "1895"]
[BlackElo "1684"]
[PlyCount "69"]
[EventDate "2002.11.??"]

1. e4 c5 2. Nc3 Nc6 3. g3 g6 4. Bg2 Bg7 5. d3 d6 6. f4 Nf6 7. Nf3 Rb8 8. O-O b5
9. a3 a5 10. h3 b4 11. axb4 axb4 12. Ne2 Nd7 13. c3 e5 14. f5 O-O 15. Bg5 f6
16. Be3 Ne7 17. fxg6 Nxg6 18. Qd2 Rf7 19. g4 Ndf8 20. Ng3 Nf4 21. Bxf4 exf4 22.
Qxf4 Ng6 23. Qd2 Qf8 24. Nf5 Bxf5 25. exf5 Ne7 26. Ra7 bxc3 27. bxc3 Kh8 28.
Qa2 Rd8 29. Qe6 Qe8 30. Re1 Bf8 31. Nd2 Kg7 32. Nc4 Ng8 33. Qxe8 Rxe8 34. Rxf7+
Kxf7 35. Bd5+ 1-0

[Event "12sen.WM-H Naumburg"]
[Site "Naumburg/Saale(20.10.-03.11.)"]
[Date "2002.11.02"]
[Round "11"]
[White "Bodinger, Karl"]
[Black "Kaiser, Hans[35BGladb]"]
[Result "1/2-1/2"]
[WhiteElo "1577"]
[BlackElo "1639"]
[PlyCount "36"]
[EventDate "2002.11.??"]

1. e4 c5 2. Nf3 Nc6 3. d4 cxd4 4. Nxd4 Qb6 5. c3 Nf6 6. f3 a6 7. a4 e5 8. Qb3
Qc7 9. Nxc6 bxc6 10. Be3 Rb8 11. Qc2 d5 12. Bd3 c5 13. O-O c4 14. Be2 Bc5 15.
Bxc5 Qxc5+ 16. Kh1 Be6 17. Na3 d4 18. cxd4 Qxd4 1/2-1/2

[Event "12sen.WM-H Naumburg"]
[Site "Naumburg/Saale(20.10.-03.11.)"]
[Date "2002.11.02"]
[Round "11"]
[White "Boehnisch, Manfred"]
[Black "Kanko, Ilkka"]
[Result "1-0"]
[WhiteElo "2365"]
[BlackElo "2265"]
[PlyCount "65"]
[EventDate "2002.11.??"]

1. e4 c5 2. Nf3 e6 3. d4 cxd4 4. Nxd4 a6 5. Nc3 Qc7 6. Be3 b5 7. Qd2 Bb7 8. Bd3
d6 9. O-O-O Nd7 10. f4 Ngf6 11. f5 e5 12. Nb3 Be7 13. Rhg1 b4 14. Nd5 Bxd5 15.
exd5 a5 16. g4 a4 17. Na1 Rb8 18. Qg2 a3 19. g5 axb2+ 20. Kxb2 e4 21. Bd4 Nxd5
22. Bxe4 Nc3 23. Rde1 Qa5 24. Kc1 Nxa2+ 25. Kd1 Nc3+ 26. Kd2 h6 27. Nb3 Qb5 28.
f6 gxf6 29. gxf6 Ne5 30. Bxe5 Nxe4+ 31. Qxe4 dxe5 32. Qxe5 Rd8+ 33. Kc1 1-0

[Event "12sen.WM-H Naumburg"]
[Site "Naumburg/Saale(20.10.-03.11.)"]
[Date "2002.11.02"]
[Round "11"]
[White "Brameyer, Hermann"]
[Black "Braun, Gottfried_Dr"]
[Result "1/2-1/2"]
[WhiteElo "2294"]
[BlackElo "2243"]
[PlyCount "20"]
[EventDate "2002.11.??"]

1. d4 c6 2. c4 d6 3. Bf4 Nd7 4. Nf3 Ngf6 5. Nc3 Nh5 6. Bg5 h6 7. Be3 Nhf6 8.
Bf4 Nh5 9. Be3 Nhf6 10. Bf4 Nh5 1/2-1/2

[Event "12sen.WM-H Naumburg"]
[Site "Naumburg/Saale(20.10.-03.11.)"]
[Date "2002.11.02"]
[Round "11"]
[White "Braune, Herbert"]
[Black "Mueller, Hartmut_Dieter"]
[Result "1-0"]
[WhiteElo "1556"]
[BlackElo "1505"]
[PlyCount "167"]
[EventDate "2002.11.??"]

1. e4 e6 2. d4 d5 3. Nd2 b6 4. exd5 Qxd5 5. Ngf3 Nf6 6. Bd3 Nc6 7. O-O Nxd4 8.
Nxd4 Qxd4 9. Nf3 Qd8 10. Ne5 Bb7 11. Bb5+ Ke7 12. Bg5 Qd5 13. Qxd5 Bxd5 14. c4
h6 15. Bxf6+ gxf6 16. Ng4 Bb7 17. Rfd1 c6 18. Ba4 h5 19. Ne3 Bg7 20. Re1 f5 21.
Nxf5+ Kf6 22. Nxg7 Kxg7 23. Rad1 Kf6 24. Rd6 Rac8 25. Red1 Rhg8 26. g3 h4 27.
b4 hxg3 28. fxg3 c5 29. b5 Rg4 30. Bb3 Rg5 31. Rd7 Rb8 32. Rf1+ Rf5 33. Rxf5+
exf5 34. Kf2 Ke6 35. Rd2 Rh8 36. Ke3 Ke5 37. Rf2 Be4 38. Bd1 Rd8 39. Be2 Bb1
40. a3 Rd4 41. Rf4 Be4 42. h4 Rd6 43. h5 Rh6 44. g4 f6 45. gxf5 Bxf5 46. Bf3
Bb1 47. Rh4 f5 48. Bd5 Bc2 49. Bf7 Bd1 50. Bg6 Bg4 51. Kf2 Kd4 52. Bxf5 Rxh5
53. Rxg4+ Ke5 54. Bd7 Rh2+ 55. Rg2 Rh1 56. Ke2 Kd4 57. Rg4+ Kc3 58. Be6 Rh2+
59. Kf1 Ra2 60. Rg3+ Kd4 61. Ke1 Ke4 62. Kd1 Kd4 63. Kc1 Re2 64. Bd5 Rf2 65.
Kb1 Rd2 66. a4 Rd3 67. Rxd3+ Kxd3 68. Kb2 Kd4 69. Kc2 Ke5 70. Kd3 Kf5 71. Ke3
Ke5 72. Bg8 Kf5 73. Kf3 Ke5 74. Kg4 Kd4 75. Kf4 Kc3 76. Ke5 Kb4 77. Kd6 Kxa4
78. Kc6 Ka5 79. Kb7 Kb4 80. Kxa7 Ka5 81. Kb7 Kb4 82. Kxb6 Ka4 83. Kxc5 Ka5 84.
Kc6 1-0

[Event "12sen.WM-H Naumburg"]
[Site "Naumburg/Saale(20.10.-03.11.)"]
[Date "2002.11.02"]
[Round "11"]
[White "Chernikov, Oleg_L"]
[Black "Reichenbach, Werner"]
[Result "1-0"]
[WhiteElo "2464"]
[BlackElo "2297"]
[PlyCount "101"]
[EventDate "2002.11.??"]

1. d4 e6 2. Nf3 Nf6 3. Bg5 h6 4. Bxf6 Qxf6 5. e4 d6 6. c3 Nd7 7. Nbd2 g6 8. Bd3
Bg7 9. O-O O-O 10. Re1 e5 11. Nc4 Qe7 12. Qb3 Nb6 13. Ne3 c6 14. a4 Be6 15. Qa3
Qc7 16. a5 Nc8 17. Bc4 Re8 18. Bxe6 Rxe6 19. d5 Re8 20. a6 c5 21. axb7 Qxb7 22.
Qa6 Qe7 23. Nd2 Rb8 24. Ndc4 h5 25. Ra5 Bh6 26. Rb5 Rxb5 27. Qxb5 Rf8 28. Qc6
Rd8 29. Na5 Bxe3 30. Rxe3 Nb6 31. Qb5 Qc7 32. Nc6 Rd7 33. Re1 Kg7 34. Ra1 Nc8
35. h4 Qb7 36. Qxb7 Rxb7 37. b4 cxb4 38. cxb4 f5 39. f3 Kf6 40. g3 Rb6 41. Kf2
a6 42. Ke3 Ne7 43. Rc1 Rb7 44. Kd3 Nxc6 45. Rxc6 fxe4+ 46. fxe4 Ke7 47. Kc4 Ra7
48. Kb3 a5 49. b5 a4+ 50. Ka3 Ra8 51. Rc7+ 1-0

[Event "12sen.WM-H Naumburg"]
[Site "Naumburg/Saale(20.10.-03.11.)"]
[Date "2002.11.02"]
[Round "11"]
[White "Dahlhaus, Friedhelm"]
[Black "Bernhoeft, Erhard"]
[Result "1-0"]
[WhiteElo "2233"]
[BlackElo "1988"]
[PlyCount "87"]
[EventDate "2002.11.??"]

1. e4 c5 2. Nf3 Nc6 3. d4 cxd4 4. Nxd4 Qb6 5. Nb3 Nf6 6. Nc3 Qc7 7. Be2 e6 8.
O-O a6 9. a3 d6 10. Be3 Ne5 11. f4 Nc4 12. Bxc4 Qxc4 13. e5 Ne4 14. Na5 Nxc3
15. Nxc4 Nxd1 16. Raxd1 d5 17. Nb6 Rb8 18. Rd2 Be7 19. c4 Bd8 20. Nxc8 Rxc8 21.
cxd5 exd5 22. Rxd5 O-O 23. Rfd1 Re8 24. Rd7 Bc7 25. Kf2 b5 26. Kf3 h6 27. Rc1
Ba5 28. Rxc8 Rxc8 29. b4 Bc7 30. Ke4 a5 31. Bc5 axb4 32. axb4 g6 33. g4 g5 34.
fxg5 hxg5 35. Kf5 Bb8 36. Rb7 Re8 37. Bd6 Bxd6 38. exd6 Rd8 39. d7 Kg7 40. Ke5
Kg6 41. Kd6 Kf6 42. Rc7 Ra8 43. Rc8 Ra6+ 44. Kc5 1-0

[Event "12sen.WM-H Naumburg"]
[Site "Naumburg/Saale(20.10.-03.11.)"]
[Date "2002.11.02"]
[Round "11"]
[White "Davydov, Michael"]
[Black "Peierl, Walter"]
[Result "1/2-1/2"]
[WhiteElo "2038"]
[BlackElo "1800"]
[PlyCount "54"]
[EventDate "2002.11.??"]

1. e4 e6 2. d4 d5 3. Nd2 Nf6 4. e5 Nfd7 5. Bd3 c5 6. c3 Nc6 7. Ne2 Qb6 8. Nf3
cxd4 9. cxd4 Bb4+ 10. Bd2 Bxd2+ 11. Qxd2 Qa5 12. Qxa5 Nxa5 13. O-O O-O 14. Rac1
a6 15. Nf4 h6 16. h4 Re8 17. Rfe1 Nf8 18. Rc3 Nc6 19. a3 Bd7 20. b4 b5 21. Bf1
a5 22. Rb1 axb4 23. axb4 Ra7 24. Bxb5 Nxe5 25. dxe5 Bxb5 26. Nd4 Bc4 27. b5 Rb7
1/2-1/2

[Event "12sen.WM-H Naumburg"]
[Site "Naumburg/Saale(20.10.-03.11.)"]
[Date "2002.11.02"]
[Round "11"]
[White "Didu, Kaplan"]
[Black "Lainburg, Victor"]
[Result "1-0"]
[WhiteElo "2076"]
[BlackElo "2235"]
[PlyCount "72"]
[EventDate "2002.11.??"]

1. Nf3 d5 2. g3 Nc6 3. d4 e6 4. Bg2 g6 5. O-O Bg7 6. c3 Nge7 7. Nbd2 O-O 8. e4
dxe4 9. Nxe4 h6 10. Qe2 b6 11. Rd1 a5 12. Ne5 Ba6 13. Qc2 Bb7 14. f4 a4 15. Be3
Nd5 16. Bf2 Qe8 17. Re1 Nxe5 18. fxe5 Bc6 19. Qd2 b5 20. h4 Ra6 21. g4 Qa8 22.
Be3 Rb6 23. Re2 Rbb8 24. Rf1 Rbd8 25. Qc1 Qb7 26. a3 Qa8 27. Kh2 Qb7 28. h5 g5
29. Bxg5 hxg5 30. Qxg5 Rd7 31. h6 f6 32. exf6 Nxf6 33. Rxf6 Rxf6 34. hxg7 Rff7
35. Qh6 Rxg7 36. Qxe6+ Kh8 1-0

[Event "12sen.WM-H Naumburg"]
[Site "Naumburg/Saale(20.10.-03.11.)"]
[Date "2002.11.02"]
[Round "11"]
[White "Dombrowski, Heinz_Guenter"]
[Black "Hilburt, Leonid"]
[Result "1-0"]
[WhiteElo "1727"]
[BlackElo "2106"]
[PlyCount "77"]
[EventDate "2002.11.??"]

1. e4 e5 2. c3 d5 3. d3 Nf6 4. f4 exf4 5. e5 Nfd7 6. Bxf4 f6 7. Nf3 Nc6 8. exf6
Nxf6 9. Be2 Bd6 10. Bg5 O-O 11. O-O Qe8 12. Nh4 Qe5 13. Bf4 Qe7 14. Bxd6 Qxd6
15. Nf5 Bxf5 16. Rxf5 Ne7 17. Rf1 Qb6+ 18. Kh1 Qxb2 19. Nd2 Qxc3 20. Nb3 Qe5
21. d4 Qd6 22. Nc5 b6 23. Nd3 Ne4 24. Bf3 Nf5 25. Qa4 Qh6 26. Kg1 Qe3+ 27. Nf2
Nxd4 28. Rae1 Nxf3+ 29. gxf3 Qg5+ 30. Kh1 Nd2 31. Rg1 Qf6 32. Rg3 Nxf3 33. Rf1
Qd4 34. Qd7 Rf7 35. Qe6 Qe5 36. Qc6 Raf8 37. Ng4 Ng5 38. Nxe5 Rxf1+ 39. Rg1 1-0

[Event "12sen.WM-H Naumburg"]
[Site "Naumburg/Saale(20.10.-03.11.)"]
[Date "2002.11.02"]
[Round "11"]
[White "Duemmke, Juergen"]
[Black "Steffen, Guenter"]
[Result "1-0"]
[WhiteElo "2191"]
[BlackElo "1847"]
[PlyCount "73"]
[EventDate "2002.11.??"]

1. e4 b6 2. d4 Bb7 3. Nc3 e6 4. a3 Nf6 5. Bd3 c5 6. Nf3 cxd4 7. Nxd4 Nc6 8.
Nxc6 Bxc6 9. O-O Qc7 10. Qe2 Be7 11. Bg5 h6 12. Bh4 g5 13. Bg3 e5 14. Nd5 Bxd5
15. exd5 d6 16. Bb5+ Kf8 17. Bc6 Rb8 18. a4 a5 19. c3 Kg7 20. Rfe1 Rhf8 21. f4
gxf4 22. Bxf4 Nxd5 23. Bxd5 Qc5+ 24. Qe3 exf4 25. Qxc5 bxc5 26. Rxe7 Rxb2 27.
Rf1 Kf6 28. Re4 Kg5 29. Rexf4 f5 30. h4+ Kg6 31. Re1 Rc2 32. c4 Ra2 33. Bc6 Rf6
34. Re7 h5 35. Rf3 Rc2 36. Rg3+ Kh6 37. Bd5 1-0

[Event "12sen.WM-H Naumburg"]
[Site "Naumburg/Saale(20.10.-03.11.)"]
[Date "2002.11.02"]
[Round "11"]
[White "Fabritius, Herbert"]
[Black "Kuehn, Peter"]
[Result "1/2-1/2"]
[WhiteElo "1726"]
[BlackElo "2008"]
[PlyCount "78"]
[EventDate "2002.11.??"]

1. d4 f5 2. c3 Nf6 3. Bg5 e6 4. Nd2 Be7 5. Bxf6 Bxf6 6. e4 fxe4 7. Nxe4 O-O 8.
Qh5 g6 9. Nxf6+ Qxf6 10. Qe2 d6 11. Nf3 Bd7 12. Qe3 Kg7 13. Be2 Nc6 14. O-O
Rae8 15. Rad1 Ne7 16. Qg5 Qxg5 17. Nxg5 Nd5 18. Bc4 h6 19. Nf3 Nf4 20. Rfe1 Bc6
21. Re3 g5 22. Bf1 Nh3+ 23. gxh3 Rxf3 24. Rxf3 Bxf3 25. Rd3 Bc6 26. Bg2 Bxg2
27. Kxg2 e5 28. Re3 Kg6 29. h4 Re7 30. hxg5 Kxg5 31. Kg3 a5 32. a3 a4 33. d5
Kf5 34. f3 c6 35. c4 Rg7+ 36. Kf2 Kg5 37. dxc6 bxc6 38. c5 d5 39. Rxe5+ Kf4
1/2-1/2

[Event "12sen.WM-H Naumburg"]
[Site "Naumburg/Saale(20.10.-03.11.)"]
[Date "2002.11.02"]
[Round "11"]
[White "Fanenbruck, Guenter"]
[Black "Klose, Hans_Peter"]
[Result "0-1"]
[WhiteElo "1557"]
[BlackElo "1547"]
[PlyCount "102"]
[EventDate "2002.11.??"]

1. e4 c5 2. Nf3 Nc6 3. c3 d6 4. d4 cxd4 5. cxd4 Bg4 6. Be2 Bxf3 7. Bxf3 e5 8.
Qa4 Qa5+ 9. Qxa5 Nxa5 10. d5 Nf6 11. Nc3 Be7 12. Be2 O-O 13. Bd2 b6 14. Ba6
Rab8 15. Rc1 b5 16. Bxb5 Nxe4 17. Bd3 Nxd2 18. Kxd2 Bg5+ 19. Kc2 Bxc1 20. Rxc1
f5 21. f3 e4 22. fxe4 fxe4 23. Nxe4 Rbc8+ 24. Kd2 Rxc1 25. Kxc1 Nb7 26. b4 Re8
27. Kd2 Re5 28. Ke3 Kf8 29. Kd4 Ke7 30. Nc5 Nd8 31. Ne4 Nf7 32. a4 Ng5 33. a5
Nxe4 34. Bxe4 Kd8 35. b5 Kc7 36. h3 g6 37. Ke3 Re8 38. g3 Kb7 39. Kd4 Rc8 40.
g4 Rf8 41. Kc3 Rf1 42. Kc4 Rf4 43. Kd4 h6 44. Ke3 g5 45. Kd4 Rf1 46. Kc3 Ra1
47. Kb4 Rd1 48. Bf3 Rd3 49. Bg2 Rd2 50. Bf1 Rf2 51. Bd3 Rf3 0-1

[Event "12sen.WM-H Naumburg"]
[Site "Naumburg/Saale(20.10.-03.11.)"]
[Date "2002.11.02"]
[Round "11"]
[White "Farin, Friedrich"]
[Black "Rauscher, Erwin"]
[Result "1/2-1/2"]
[WhiteElo "1324"]
[BlackElo "1579"]
[PlyCount "116"]
[EventDate "2002.11.??"]

1. d4 d5 2. Nf3 g6 3. e3 Bg7 4. c4 c6 5. cxd5 cxd5 6. Bb5+ Bd7 7. Qa4 Bxb5 8.
Qxb5+ Qd7 9. Nc3 e6 10. O-O a6 11. Qxd7+ Nxd7 12. e4 Ne7 13. exd5 Nxd5 14. Nxd5
exd5 15. Re1+ Kf8 16. b3 Bf6 17. Ba3+ Kg7 18. Be7 Rhe8 19. Bxf6+ Nxf6 20. Ne5
Rac8 21. Rac1 h5 22. h4 Kg8 23. f3 Kg7 24. g3 Kg8 25. Kg2 Kg7 26. Kh3 Kf8 27.
g4 hxg4+ 28. fxg4 Ne4 29. Rf1 Rxc1 30. Rxc1 Re7 31. Rf1 Rc7 32. Nxg6+ Kg7 33.
Ne5 Rc3+ 34. Rf3 f6 35. Rxc3 Nxc3 36. Nd7 b5 37. Nb6 a5 38. a4 bxa4 39. bxa4
Kf7 40. h5 Ne2 41. Nxd5 Nxd4 42. Ne3 Nb3 43. Nc4 Nc5 44. Nxa5 Nxa4 45. Nc6 Nc5
46. Nd4 Ne4 47. Kh4 Kg7 48. Nf5+ Kh7 49. Ne7 Kh6 50. Nf5+ Kh7 51. Ng3 Ng5 52.
Nf5 Nf3+ 53. Kg3 Ng5 54. h6 Kg6 55. Kf4 Nh3+ 56. Kg3 Ng5 57. Kh4 Nf3+ 58. Kg3
Ng5 1/2-1/2

[Event "12sen.WM-H Naumburg"]
[Site "Naumburg/Saale(20.10.-03.11.)"]
[Date "2002.11.02"]
[Round "11"]
[White "Fassmann, Ewald"]
[Black "Just, Joachim"]
[Result "0-1"]
[WhiteElo "1771"]
[BlackElo "2149"]
[PlyCount "178"]
[EventDate "2002.11.??"]

1. c4 e5 2. Nc3 Nf6 3. e3 Nc6 4. Nf3 d5 5. cxd5 Nxd5 6. Be2 Be7 7. O-O O-O 8.
d4 exd4 9. Nxd4 Nxc3 10. bxc3 Ne5 11. Bb2 c6 12. Qb3 Qc7 13. h3 a6 14. Rac1 c5
15. Nf3 c4 16. Qc2 Be6 17. Rcd1 Nxf3+ 18. Bxf3 Rad8 19. Qc1 Rfe8 20. Qc2 f5 21.
Rd4 Bf6 22. Rxd8 Rxd8 23. e4 f4 24. Rd1 Rd7 25. Kf1 Be5 26. Ke1 Qd8 27. Rxd7
Qxd7 28. a3 Qb5 29. Kd2 Kf7 30. Ke1 Bd7 31. Qd2 Bc6 32. Qc2 g6 33. Qd2 Ke7 34.
Kd1 Qb3+ 35. Ke1 a5 36. Bd1 Qb6 37. Bf3 Qc5 38. Qc2 b5 39. Qc1 Kf6 40. Ke2 h5
41. Ke1 Qa7 42. Qd2 Qe7 43. Kf1 Kg7 44. Qc2 Qf6 45. Ke2 b4 46. axb4 axb4 47.
Kd2 Qd6+ 48. Ke1 Qf6 49. Kd2 Qd8+ 50. Ke2 b3 51. Qd2 Qa8 52. Ke1 Qa2 53. Qc1
Kf6 54. Qa1 Qxa1+ 55. Bxa1 Ke6 56. Kd2 Bd6 57. Bb2 Ke5 58. Be2 Bxe4 59. Bxc4
Bxg2 60. Bxb3 Bxh3 61. Ke2 Bc5 62. Bc2 Bf5 63. Ba4 Be6 64. Kf1 Bc4+ 65. Kg2 Kf5
66. Bc2+ Kf6 67. Bd1 Bd6 68. Bf3 Be5 69. Bb7 g5 70. f3 Ke6 71. Bc8+ Kd6 72. Bf5
Bd5 73. Kf2 Kc5 74. Bg6 g4 75. Bxh5 Bxf3 76. Ke1 Kc4 77. Kd2 Kb3 78. Bc1 Bxc3+
79. Kd3 Be5 80. Bd2 Kb2 81. Be1 Kc1 82. Bb4 Bd1 83. Bd2+ Kb2 84. Ba5 Bc2+ 85.
Kd2 Bf5 86. Ke2 f3+ 87. Ke1 Bg3+ 88. Kd2 f2 89. Ke2 Bd3+ 0-1

[Event "12sen.WM-H Naumburg"]
[Site "Naumburg/Saale(20.10.-03.11.)"]
[Date "2002.11.02"]
[Round "11"]
[White "Fischer, Ernst[37Weiden]"]
[Black "Gudat, Alfons"]
[Result "1/2-1/2"]
[WhiteElo "1981"]
[BlackElo "2054"]
[PlyCount "33"]
[EventDate "2002.11.??"]

1. e4 c5 2. Nf3 Nc6 3. Bb5 g6 4. Bxc6 dxc6 5. d3 Bg7 6. h3 e5 7. Be3 b6 8. Nc3
Ne7 9. Qd2 h6 10. a3 f5 11. Qe2 O-O 12. g3 g5 13. exf5 Nxf5 14. Ne4 Be6 15. g4
Nd6 16. Nfd2 Nf7 17. Ng3 1/2-1/2

[Event "12sen.WM-H Naumburg"]
[Site "Naumburg/Saale(20.10.-03.11.)"]
[Date "2002.11.02"]
[Round "11"]
[White "Frauenfelder, Rudolf"]
[Black "Fronczek, Heinrich"]
[Result "0-1"]
[WhiteElo "2151"]
[BlackElo "2272"]
[PlyCount "82"]
[EventDate "2002.11.??"]

1. c4 c5 2. Nc3 Nf6 3. g3 Nc6 4. Bg2 g6 5. e4 Bg7 6. d3 d6 7. Nge2 O-O 8. O-O
Rb8 9. h3 a6 10. a4 Nd4 11. Nxd4 cxd4 12. Ne2 Nd7 13. a5 b5 14. axb6 Qxb6 15.
f4 Nc5 16. Ra3 f5 17. exf5 Bxf5 18. g4 Bd7 19. Ng3 a5 20. Rf2 a4 21. Ne4 e6 22.
Nxc5 Qxc5 23. Bf3 Rb4 24. Qe1 Rfb8 25. Bd1 d5 26. Bxa4 Rxa4 27. Rxa4 Bxa4 28.
Qxe6+ Kh8 29. f5 Re8 30. Qa6 Qc6 31. Qxc6 Bxc6 32. f6 Re1+ 33. Kh2 Rxc1 34.
fxg7+ Kxg7 35. cxd5 Bxd5 36. Rf4 Rc2+ 37. Kg1 Rg2+ 38. Kf1 Rxb2 39. Rxd4 Bg2+
40. Ke1 Bxh3 41. g5 Rg2 0-1